Presentación de casos: primer caso de ciguatera en el Caribe colombiano por Seriola zonata (<Mitchill, 1815>) (<Pisces: Carangidae>) (Registro nro. 10005)

Detalles MARC
000 -CABECERA
Campo de control 005840000a22001690004500
090 ## - CLASIFICACIÓN LOCAL
Colección AR
Consecutivo 00917
041 0# - IDIOMA
Código de idioma para texto/pista de sonido o título separado
100 1# - ASIENTO PRINCIPAL--NOMBRE PERSONAL
Nombre personal Alvarez, Ricardo
245 10 - MENCION DE TITULO
Título Presentación de casos: primer caso de ciguatera en el Caribe colombiano por Seriola zonata (<Mitchill, 1815>) (<Pisces: Carangidae>)
650 14 - ASIENTO SECUNDARIO DE MATERIA - TERMINO TEMATICO
Término temático o nombre geográfico como elemento de entrada Ciguatera
650 14 - ASIENTO SECUNDARIO DE MATERIA - TERMINO TEMATICO
Término temático o nombre geográfico como elemento de entrada Peces
650 14 - ASIENTO SECUNDARIO DE MATERIA - TERMINO TEMATICO
Término temático o nombre geográfico como elemento de entrada Contaminación
651 #4 - ASIENTO SECUNDARIO DE MATERIA - NOMBRE GEOGRAFICO
-- Santa Marta
-- Magdalena
-- Colombia
653 ## - TERMINO DE INDIZACION - NO CONTROLADO
-- Seriola
-- Seriola zonata
-- medregal quimeque
773 1# - Item fuente:
Título Biomédica
Especificación de materiales 195
Descripción física 17
Paginas del Articulo 67-68
Lugar, editorial y fecha de publicación 1997
942 ## - ELEMENTOS ADICIONALES (KOHA)
Tipo de ítem Artículo
Existencias
Withdrawn status Lost status Damaged status No para préstamo Colección Ubicación Permanente Ubicación actual Fecha de adquisición Fuente de Valor Datos de publicación Seriada Total Checkouts Número topográfico Inventario / Código de Barras Date last seen Ejemplar Price effective from Forma de adquisición Tipo de material
      No para Préstamo Hemeroteca Bogotá Bogotá 27/02/2015 Curso indicadores Fuera de circulación   AR 00917 011210 25/03/2015 1 25/03/2015   Artículo